000 01053cab a2200253 4500
001 ABS46453
008 090401t1992 xxu||||| |||| 00| 0 eng d
035 _a(Sirsi) u58324
041 _aeng
245 _aR v SoS Environment ex parte Gosport BC
260 _c1992
350 _a0
490 _aJournal of Planning and Environment Law
_v(1992) JPL 476-483(8)
520 _aQBD 11 April 1991. G challenged an SoS decision to grant the MoD planning consent for the erection of military antenna masts, against the advice of an independent inspector. The latter of the three grounds for objections were dismissed as irrelevant once it was accepted that the SoS had the right to disagree with the inspector on the first, and thus overturn the council`s ruling.
650 _aALTERNATIVE SITES
650 _aANTENNA MASTS
650 _aMINISTRY OF DEFENCE
650 _aPLANNING PERMISSION
650 _aSTATEGIC GAP POLICIES
650 _aVISUAL IMPACT
690 _aPLANNING LAW AND PRACTICE-CASE LAW
942 _n0
948 _c04/03/1997
999 _c35595
_d35595